000 00781cab a2200253 4500
001 ABS58569
008 090401t1998 xxu||||| |||| 00| 0 eng d
035 _a(Sirsi) u85858
041 _aeng
100 _aGodfrey, E.
245 2 _aA rose by another name? PFI under Labour
260 _c1998
350 _a0
490 _aProperty Finance & Development
_v1(1) April 1998, 3(1)
520 _aAuthor takes a look back on private finance initiative since the change of government and the Bates Report. Tries to predict the future for PFI.
650 _aBATES REPORT
650 _aBATES REVIEW
650 _aLABOUR
650 _aPFI
650 _aPRIVATE FINANCE INITIATIVE
690 _aPROPERTY-PROPERTY FINANCE AND INVESTMENT
942 _n0
948 _c28/04/1998
999 _c54008
_d54008